J.P. Sweelinck und seine direkten deutschen Schüler.
Saved in:
| Main Author: | |
|---|---|
| Format: | Book Chapter |
| Language: | German |
| Tags: |
Add Tag
No Tags, Be the first to tag this record!
|
| LEADER | 00476naa a2200157K 4500 | ||
|---|---|---|---|
| 001 | 005986830-9 | ||
| 005 | 20070315121311.0 | ||
| 008 | 950916s1891 gw 000 0 ger d | ||
| 035 | 0 | |a ocm78766056 | |
| 040 | |a HMU |c HMU | ||
| 100 | 1 | |a Seiffert, Max. | |
| 245 | 1 | 0 | |a J.P. Sweelinck und seine direkten deutschen Schüler. |
| 500 | |a "Musik-Beilagen", pp. 241-260. | ||
| 773 | 0 | |t Vierteljahrsschrift für Musikwissenschaft. |g Leipzig, 1891, Jahrg. 7, pp. 145-260. | |
| 988 | |a 20020608 | ||
| 906 | |0 MH | ||


